000 00699nam a2200289Ia 4500
005 20260324145944.0
008 008 260324s9999 xx 000 0 eng d
020 _a9781315723907
037 _aEBOOK
040 _aCRL
040 _beng
040 _cCRL
041 _2eng
041 _aeng
084 _qCRL
100 _aGerhard Adler; Jaffé Aniela; C.G Jung; R. F. C. Hull
_91224768
245 0 _aLetters of C. G. Jung
245 0 _bVolume 2, 1951-1961
260 _bTaylor and Francis
260 _c1976
365 _a
365 _b130
856 _uhttp://www.taylorfrancis.com/books/9781315723907
942 _cEBOOK
999 _c1833414
_d1833414